Itinerario del Quijote de Avellaneda y su influencia en el Cervantino / (Record no. 129340)

MARC details
000 -LEADER
campo de control de longitud fija 00655nam a2200181 i 4500
001 - NÚMERO DE CONTROL
campo de control 129340
003 - IDENTIFICADOR DE NÚMERO DE CONTROL
campo de control ES-MaACL
005 - FECHA Y HORA DE LA ÚLTIMA TRANSACCIÓN
campo de control 20230906193501.0
007 - CAMPO FIJO DE DESCRIPCIÓN FÍSICA--INFORMACIÓN GENERAL
campo de control de longitud fija t|
008 - DATOS DE LONGITUD FIJA--INFORMACIÓN GENERAL
campo de control de longitud fija 070612s1952 sp ||||1| spa d
100 1# - ENTRADA PRINCIPAL--NOMBRE DE PERSONA
Nombre de persona Terrero, José.
9 (RLIN) 109785
245 10 - MENCIÓN DEL TÍTULO
Título Itinerario del Quijote de Avellaneda y su influencia en el Cervantino /
Mención de responsabilidad, etc. José Terrero.
260 ## - PUBLICACIÓN, DISTRIBUCIÓN, ETC.
Lugar de publicación, distribución, etc. Madrid :
Nombre del editor, distribuidor, etc. Imp. Galo Sèz,
Fecha de publicación, distribución, etc. 1952.
300 ## - DESCRIPCIÓN FÍSICA
Extensión 33 p., 3 map. pleg. ;
Dimensiones 25 cm.
500 ## - NOTA GENERAL
Nota general De Anales Cervantinos. Tomo II 1952.
600 14 - PUNTO DE ACCESO ADICIONAL DE MATERIA--NOMBRE DE PERSONA
Nombre de persona Fernández de Avellaneda, Alonso.
Título de la obra Segundo tomo del ingenioso hidalgo don Quijote de la Mancha.
9 (RLIN) 49625
852 ## - LOCALIZACIÓN
Ubicación ES-MaACL
Número de control de estantería 1944-F-3
Sublocalización o colección R.33173
Holdings
Estatus retirado Estado de pérdida Estado de daño No para préstamo Colección Biblioteca de origen Biblioteca actual Ubicación en estantería Fecha de adquisición Fuente de adquisición Total de préstamos Signatura topográfica completa Código de barras Visto por última vez Precio de reemplazo Tipo de ítem Koha
        Colección de folletos Biblioteca del Ateneo de Madrid Biblioteca del Ateneo de Madrid Depósito folletos 17/01/2008     1944-F-3 1134691 23/02/2023 23/02/2023 Folleto